Statistics for British Royalty: Years of Accession

Click here to take the quiz!

General Stats

  • This quiz has been taken 949 times
    (602 since last reset)
  • The average score is 17 of 41

Answer Stats

MonarchYear% Correct
Charles III2022
100%
Elizabeth II1952
97%
George VI1936
91%
Edward VIII1936
86%
Edward VII1901
79%
George V1910
77%
Victoria1837
76%
William IV1830
56%
William I1066
53%
George IV1820
52%
George III1760
47%
James I1603
45%
Anne1702
43%
George I1714
42%
Elizabeth I1558
41%
William III and Mary II1689
41%
Mary I1553
40%
Edward VI1547
39%
Charles II1660
39%
Henry VIII1509
38%
George II1727
37%
Henry VII1485
35%
Charles I1625
35%
James II1685
35%
Richard III1483
32%
William II1087
26%
Edward V1483
26%
John1199
24%
Edward IV1461
22%
Richard I1189
21%
Henry I1100
20%
Henry III1216
20%
Henry IV1399
18%
Henry V1413
18%
Henry VI1422
18%
Stephen1135
17%
Henry II1154
17%
Edward II1307
17%
Edward III1327
17%
Richard II1377
17%
Edward I1272
15%

Score Distribution

Percentile by Number Answered

Percent of People with Each Score

Your Score History

You have not taken this quiz since the last reset